Catalog

Record Details

Catalog Search



Christologie Nového zákona /  Oscar Cullmann ; Záznam z přednášek z let 1943/4 přeložil a k vydání připravil Luděk Brož Cover Image Book Book

Christologie Nového zákona /  Oscar Cullmann ; Záznam z přednášek z let 1943/4 přeložil a k vydání připravil Luděk Brož

Cullmann, Oscar (Author).

Record details

  • Physical Description: 118 s.
  • Edition: 1. vyd.
  • Publisher: Praha Kalich 1976

Available copies

  • 1 of 1 copy available at Common Catalog SPOK.

Holds

  • 0 current holds with 1 total copy.
Show Only Available Copies
Location Call Number / Copy Notes Barcode Shelving Location Status Due Date
ETS Library 232 424470002362 Volný výběr Available -

LDR 00745nam a2 00241
00136995
003CZ-PrJAB
00520230429102014.0
008030506s1976 xr e |||| |cze
009cz
035 . ‡a(CONS)4087
035 . ‡aKPS3882
041 . ‡acze
08214. ‡a232
100 . ‡72248 ‡aCullmann, Oscar
245 . ‡aChristologie Nového zákona /  ‡nOscar Cullmann ; Záznam z přednášek z let 1943/4 přeložil a k vydání připravil Luděk Brož
250 . ‡a1. vyd.
260 . ‡aPraha ‡bKalich ‡c1976
300 . ‡a118 s.
490 . ‡aStudijní texty Komenského evangelické bohoslovecké fakulty
653 . ‡aChristologie Nového zákona
8524 . ‡bETS ‡bETS ‡cVolný výběr ‡j232 ‡gA ‡p424470002362
910 . ‡aABG450
999 . ‡a4087 ‡bAUTOGEN ‡c4087 ‡tbiblio
905 . ‡uadmin
901 . ‡a36995 ‡b ‡c36995 ‡tbiblio ‡sets

Additional Resources